000
00341 a2200157 4500
001
65373
020
_a
8501912107
040
_c
Anchieta - Pituba
100
_a
Sabino, Fernando
240
1
0
_a
A faca de dois gumes
_l
245
1
0
_a
A faca de dois gumes
300
_a
239
362
0
_a
1999
650
4
_a
Ficção brasileira
942
_c
BK
999
_c
65373
_d
65373